Una antología para todos : (Registro nro. 3390)
[ vista simple ]
| 000 -LEADER | |
|---|---|
| fixed length control field | 01196nam a2200265Ia 4500 |
| 003 - CONTROL NUMBER IDENTIFIER | |
| control field | OSt |
| 005 - DATE AND TIME OF LATEST TRANSACTION | |
| control field | 20221013132231.0 |
| 008 - FIXED-LENGTH DATA ELEMENTS--GENERAL INFORMATION | |
| fixed length control field | 191128s1995 ck er 000 p spa d |
| 020 ## - INTERNATIONAL STANDARD BOOK NUMBER | |
| International Standard Book Number | 9586552233 |
| 040 ## - CATALOGING SOURCE | |
| Original cataloging agency | CO-JMCR |
| Transcribing agency | CO-JMCR |
| 041 ## - LANGUAGE CODE | |
| Language code of text/sound track or separate title | spa |
| 082 04 - DEWEY DECIMAL CLASSIFICATION NUMBER | |
| Classification number | P / |
| Item number | GREu |
| 100 1# - MAIN ENTRY--PERSONAL NAME | |
| Personal name | Greiff, León de, |
| Relator term | autor |
| 9 (RLIN) | 439 |
| 245 10 - TITLE STATEMENT | |
| Title | Una antología para todos : |
| Remainder of title | 50 poemas / |
| Statement of responsibility, etc. | León de Greiff |
| 250 ## - EDITION STATEMENT | |
| Edition statement | Primera edición |
| 260 ## - PUBLICATION, DISTRIBUTION, ETC. | |
| Place of publication, distribution, etc. | Medellín : |
| Name of publisher, distributor, etc. | Universidad de Antioquia, |
| Date of publication, distribution, etc. | 1995 |
| 300 ## - PHYSICAL DESCRIPTION | |
| Extent | 148 páginas ; |
| Dimensions | 22 cm. |
| 490 0# - SERIES STATEMENT | |
| Series statement | Memoria de ciudad. Literatura |
| 500 ## - GENERAL NOTE | |
| General note | Incluye datos biográficos del autor en solapa. |
| 505 0# - FORMATTED CONTENTS NOTE | |
| Formatted contents note | Tergiversación : porque me ven la barba y el pelo y la alta pipa -- filosofamos : como en estos a de seguir- al decir de las gentes- aquesta es la pipa -- aquesta es la ipa de todo el maiz -- villa de la candelaria : vano el motivo |
| 520 3# - SUMMARY, ETC. | |
| Summary, etc. | Una antología para todos está destinada pricipalmente a la juventud, como un aprimera aproximación a la obra del poeta antioqueño León de Greiff, y contiene una muestra. |
| 650 14 - SUBJECT ADDED ENTRY--TOPICAL TERM | |
| Topical term or geographic name entry element | Poesía colombiana |
| 9 (RLIN) | 9184 |
| Chronological subdivision | Siglo XX |
| 650 24 - SUBJECT ADDED ENTRY--TOPICAL TERM | |
| Topical term or geographic name entry element | Literatura colombiana |
| Chronological subdivision | Siglo XX |
| 9 (RLIN) | 40443 |
| 942 ## - ADDED ENTRY ELEMENTS (KOHA) | |
| Source of classification or shelving scheme | Dewey Decimal Classification |
| Koha item type | Books |
| Withdrawn status | Lost status | Source of classification or shelving scheme | Damaged status | Not for loan | Collection code | Home library | Current library | Date acquired | Source of acquisition | Total Checkouts | Full call number | Barcode | Date last seen | Date last checked out | Copy number | Price effective from | Koha item type |
|---|---|---|---|---|---|---|---|---|---|---|---|---|---|---|---|---|---|
| Dewey Decimal Classification | Fiction | Biblioteca Pública José María del Castillo y Rada | Biblioteca Pública José María del Castillo y Rada | 11/28/2019 | Donación | 1 | P / GREu | 201807255 | 01/21/2020 | 01/21/2020 | EJ.1 | 11/28/2019 | Books |